Loading...
| Mythology | 0 | 7 | 1 | 0 | 65 | 66 | 82.29 | 4 | 7 | 17.50 | 50.00 |
| History - American | 0 | 6 | 1 | 0 | 55 | 49 | 68.67 | 0 | 6 | 19.44 | 31.82 |
| Fine Arts - Classical Music | 0 | 5 | 0 | 1 | 50 | 83 | 98.80 | 2 | 4 | 7.22 | 34.09 |
| Science - Physics | 0 | 6 | 2 | 0 | 50 | 50 | 69.33 | 2 | 6 | 18.95 | 38.64 |
| Science - Biology | 0 | 4 | 0 | 0 | 40 | 72 | 78.75 | 0 | 4 | 7.24 | 20.45 |
| Social Science | 0 | 4 | 0 | 0 | 40 | 20 | 46.75 | 3 | 4 | 28.19 | 46.88 |
| Science - Chemistry | 0 | 4 | 1 | 2 | 35 | 77 | 97.25 | 1 | 4 | 2.29 | 22.73 |
| History - European | 0 | 4 | 1 | 0 | 35 | 17 | 34.75 | 1 | 4 | 24.43 | 27.27 |
| History - Other | 0 | 3 | 0 | 1 | 30 | 14 | 66.33 | 3 | 3 | 10.63 | 27.27 |
| Philosophy | 0 | 3 | 0 | 0 | 30 | 37 | 60.00 | 1 | 3 | 13.65 | 25.00 |
| Current Events | 0 | 2 | 0 | 0 | 20 | 59 | 75.00 | 1 | 1 | 12.22 | 25.00 |
| Fine Arts - Other | 0 | 2 | 0 | 0 | 20 | 71 | 85.00 | 1 | 2 | 3.43 | 9.09 |
| Literature - American | 0 | 2 | 0 | 0 | 20 | 17 | 31.50 | 2 | 2 | 13.26 | 18.18 |
| Popular Culture | 0 | 2 | 0 | 0 | 20 | 85 | 90.50 | 0 | 2 | 6.58 | 20.83 |
| Science - Other | 0 | 3 | 2 | 0 | 20 | 56 | 67.33 | 2 | 3 | 10.62 | 25.00 |
| Literature - British | 0 | 1 | 0 | 0 | 10 | 57 | 57.00 | 0 | 1 | 4.38 | 6.82 |
| Fine Arts - Painting and Sculpture | 0 | 1 | 0 | 0 | 10 | 76 | 76.00 | 1 | 1 | 3.45 | 10.00 |
| History - World | 0 | 2 | 2 | 0 | 10 | 47 | 73.50 | 0 | 2 | 5.77 | 6.82 |
| Religion | 0 | 1 | 0 | 0 | 10 | 96 | 96.00 | 1 | 1 | 1.76 | 9.09 |
| Literature - European | 0 | 1 | 1 | 0 | 5 | 68 | 68.00 | 0 | 1 | 4.11 | 6.82 |